Представление документа в формате MARC21

ПолеНазваниеЗначение
  Тип записи a
  Библиографический уровень m
001 Контрольный номер RU/URAIT/585291
005 Дата корректировки 20260429163651.1
008 Кодируемые данные 260429s2026 RU y f j 000 0 rus u
020 Индекс ISBN __
a ISBN 978-5-534-16715-3
c Цена, тираж 839.00
040 Источник каталогиз. __
a Служба первич. каталог. ИКО Юрайт
c Служба, преобразующая запись ИКО Юрайт
e Правила каталог. RCR
041 Код языка издания __
a Код языка текста rus
044 Код страны публикации __
a Код страны публикации RU
080 Индекс УДК __
a Индекс УДК 004(075.8)
084 Индекс другой классификации/Индекс ББК __
2 Источник индекса rubbk
a Индекс другой классификации/Индекс ББК 32.97я73
100 Автор __
a Автор Астапчук В. А.
q Полное имя Астапчук Виктор Андреевич
245 Заглавие __
a Заглавие Корпоративные информационные системы: требования при проектировании
b Продолж. заглавия учебник для вузов
c Ответственность В. А. Астапчук, П. В. Терещенко.
250 Сведения об издании __
g пер. и доп
a Основные сведения об издании 3-е изд.
256 Характеристики компьютерного файла __
a Характеристики компьютерного файла Электрон. дан.
260 Выходные данные __
a Место издания Москва
b Издательство Юрайт
c Дата издания 2026
300 Физическое описание __
a Объем 174 с
440 Серия __
a Серия Высшее образование
500 Примечания __
a Примечание URL: https://urait.ru/bcode/585291 (дата обращения: 29.04.2026).
520 Аннотация __
a Аннотация Курс охватывает вопросы системного представления организации для разработки требований к автоматизированной информационной системе. В нем представлены современные стандарты и уровни управления предприятиями, понятие бизнес-контекста КИС, средства моделирования бизнес-систем, освещены вопросы организации управления требованиями при реализации проекта внедрения КИС.
538 Прим. о системных особенностях __
a Прим. о системных особенностях Режим доступа: Электронно-библиотечная система Юрайт, для авториз. пользователей
653 Ключевые слова __
a Ключевые слова Информационные системы и технологии
653 Ключевые слова __
a Ключевые слова Компьютерные и информационные науки
653 Ключевые слова __
a Ключевые слова Архитектура корпоративных информационных систем
653 Ключевые слова __
a Ключевые слова Информационные системы
653 Ключевые слова __
a Ключевые слова Системная интеграция и управление приложениями КИС
653 Ключевые слова __
a Ключевые слова Корпоративные информационные системы
653 Ключевые слова __
a Ключевые слова Распределенные информационные системы
653 Ключевые слова __
a Ключевые слова Сопровождение корпоративных информационных систем
653 Ключевые слова __
a Ключевые слова Комплексная автоматизация в корпоративных информационных системах
653 Ключевые слова __
a Ключевые слова Архитектура и разработка корпоративных информационных систем
653 Ключевые слова __
a Ключевые слова Программно-информационное обеспечение корпоративных информационных систем
653 Ключевые слова __
a Ключевые слова Эксплуатация корпоративных информационных систем
653 Ключевые слова __
a Ключевые слова Управление корпоративными информационными системами
653 Ключевые слова __
a Ключевые слова Базы данных и корпоративные информационные системы
653 Ключевые слова __
a Ключевые слова Адаптация типовых конфигураций корпоративных информационных систем
653 Ключевые слова __
a Ключевые слова Автоматизация решения оперативных и расчетных задач в корпоративных информационных системах
653 Ключевые слова __
a Ключевые слова программирования корпоративных информационных систем
653 Ключевые слова __
a Ключевые слова Программное обеспечение корпоративных информационных систем
653 Ключевые слова __
a Ключевые слова Проектирование корпоративных информационных систем
653 Ключевые слова __
a Ключевые слова Основы информационных систем
653 Ключевые слова __
a Ключевые слова Программирование корпоративных информационных систем
653 Ключевые слова __
a Ключевые слова Бизнес-аналитика в корпоративных информационных системах
653 Ключевые слова __
a Ключевые слова Проектирование КИС
653 Ключевые слова __
a Ключевые слова Введение в корпоративные информационные системы
653 Ключевые слова __
a Ключевые слова Средства и технологии разработки корпоративных информационных систем
653 Ключевые слова __
a Ключевые слова Создание и внедрение корпоративных информационных систем
653 Ключевые слова __
a Ключевые слова Платформы корпоративных информационных систем
653 Ключевые слова __
a Ключевые слова Основы программирования в корпоративных информационных системах
653 Ключевые слова __
a Ключевые слова Автоматизация решения оперативных задач в корпоративных информационных системах
653 Ключевые слова __
a Ключевые слова Автоматизация решения расчетных задач в корпоративных информационных системах
653 Ключевые слова __
a Ключевые слова Основы конфигурирования в корпоративных информационных системах
653 Ключевые слова __
a Ключевые слова Технологии разработки корпоративных информационных систем
653 Ключевые слова __
a Ключевые слова Внедрение и адаптация корпоративных информационных систем
653 Ключевые слова __
a Ключевые слова Управление разработкой корпоративных информационных систем
653 Ключевые слова __
a Ключевые слова Внедрение корпоративных информационных систем на базе типовых проектных решений
653 Ключевые слова __
a Ключевые слова Внедрение корпоративных информационных систем на базе типовых проектных решений: проектное обучение
653 Ключевые слова __
a Ключевые слова Реинжиниринг бизнес-процессов и проектирование корпоративных информационных систем
653 Ключевые слова __
a Ключевые слова ERP и стандарты корпоративных информационных систем
653 Ключевые слова __
a Ключевые слова Проектирование и оптимизация корпоративных информационных систем
653 Ключевые слова __
a Ключевые слова Программирование и конфигурирование корпоративных информационных систем
653 Ключевые слова __
a Ключевые слова Конфигурирование корпоративных информационных систем
653 Ключевые слова __
a Ключевые слова Управление корпорациями и корпоративными информационными системами
653 Ключевые слова __
a Ключевые слова Внедрение и адаптация корпоративных информационных систем (1С:Предприятие)
653 Ключевые слова __
a Ключевые слова Автоматизация решения оперативных задач в КИС
653 Ключевые слова __
a Ключевые слова Технологии информационных систем
653 Ключевые слова __
a Ключевые слова Управление качеством в корпоративных информационных системах
653 Ключевые слова __
a Ключевые слова Системная архитектура корпоративных информационных систем
653 Ключевые слова __
a Ключевые слова Проектирование бизнес-приложений в корпоративных информационных системах
653 Ключевые слова __
a Ключевые слова Анализ характеристик производительности КИС
653 Ключевые слова __
a Ключевые слова Внедрение корпоративных информационных систем
653 Ключевые слова __
a Ключевые слова Обслуживание корпоративных информационных систем
653 Ключевые слова __
a Ключевые слова Технологии корпоративных информационных систем
653 Ключевые слова __
a Ключевые слова Технологии программирования КИС
653 Ключевые слова __
a Ключевые слова Технологии программирования корпоративных информационных систем
700 Другие авторы __
a Другие авторы Терещенко П. В.
q Полное имя Терещенко Петр Васильевич
856 Электронный адрес документа 40
n Местонахождение сервера Юрайт
g Электронная книга
q Тип электронного формата html
h Имя пользователя ЮРАЙТ
v Часы доступа к ресурсу 20271231
2 Способ доступа Показать документ
x Служебное примечание https://urait.ru/book/cover/A76A3F20-257E-4BED-91E9-27B99A80E1A8
u URL https://urait.ru/bcode/585291
856 Электронный адрес документа 48
q Тип электронного формата cover
u URL https://urait.ru/book/cover/A76A3F20-257E-4BED-91E9-27B99A80E1A8
911 __
u 0030=https://urait.ru/bcode/585291
911 __
u 073a=9785534167153
u 073d=839.00
911 __
u 106a=s
911 __
u 900l=
952 Тип литературы __
i Дисциплина Архитектура корпоративных информационных систем
952 Тип литературы __
i Дисциплина Информационные системы
952 Тип литературы __
i Дисциплина Системная интеграция и управление приложениями КИС
952 Тип литературы __
i Дисциплина Корпоративные информационные системы
952 Тип литературы __
i Дисциплина Распределенные информационные системы
952 Тип литературы __
i Дисциплина Сопровождение корпоративных информационных систем
952 Тип литературы __
i Дисциплина Комплексная автоматизация в корпоративных информационных системах
952 Тип литературы __
i Дисциплина Архитектура и разработка корпоративных информационных систем
952 Тип литературы __
i Дисциплина Программно-информационное обеспечение корпоративных информационных систем
952 Тип литературы __
i Дисциплина Эксплуатация корпоративных информационных систем
952 Тип литературы __
i Дисциплина Управление корпоративными информационными системами
952 Тип литературы __
i Дисциплина Базы данных и корпоративные информационные системы
952 Тип литературы __
i Дисциплина Адаптация типовых конфигураций корпоративных информационных систем
952 Тип литературы __
i Дисциплина Автоматизация решения оперативных и расчетных задач в корпоративных информационных системах
952 Тип литературы __
i Дисциплина программирования корпоративных информационных систем
952 Тип литературы __
i Дисциплина Программное обеспечение корпоративных информационных систем
952 Тип литературы __
i Дисциплина Проектирование корпоративных информационных систем
952 Тип литературы __
i Дисциплина Основы информационных систем
952 Тип литературы __
i Дисциплина Программирование корпоративных информационных систем
952 Тип литературы __
i Дисциплина Бизнес-аналитика в корпоративных информационных системах
952 Тип литературы __
i Дисциплина Проектирование КИС
952 Тип литературы __
i Дисциплина Введение в корпоративные информационные системы
952 Тип литературы __
i Дисциплина Средства и технологии разработки корпоративных информационных систем
952 Тип литературы __
i Дисциплина Создание и внедрение корпоративных информационных систем
952 Тип литературы __
i Дисциплина Платформы корпоративных информационных систем
952 Тип литературы __
i Дисциплина Основы программирования в корпоративных информационных системах
952 Тип литературы __
i Дисциплина Автоматизация решения оперативных задач в корпоративных информационных системах
952 Тип литературы __
i Дисциплина Автоматизация решения расчетных задач в корпоративных информационных системах
952 Тип литературы __
i Дисциплина Основы конфигурирования в корпоративных информационных системах
952 Тип литературы __
i Дисциплина Технологии разработки корпоративных информационных систем
952 Тип литературы __
i Дисциплина Внедрение и адаптация корпоративных информационных систем
952 Тип литературы __
i Дисциплина Управление разработкой корпоративных информационных систем
952 Тип литературы __
i Дисциплина Внедрение корпоративных информационных систем на базе типовых проектных решений
952 Тип литературы __
i Дисциплина Внедрение корпоративных информационных систем на базе типовых проектных решений: проектное обучение
952 Тип литературы __
i Дисциплина Реинжиниринг бизнес-процессов и проектирование корпоративных информационных систем
952 Тип литературы __
i Дисциплина ERP и стандарты корпоративных информационных систем
952 Тип литературы __
i Дисциплина Проектирование и оптимизация корпоративных информационных систем
952 Тип литературы __
i Дисциплина Программирование и конфигурирование корпоративных информационных систем
952 Тип литературы __
i Дисциплина Конфигурирование корпоративных информационных систем
952 Тип литературы __
i Дисциплина Управление корпорациями и корпоративными информационными системами
952 Тип литературы __
i Дисциплина Внедрение и адаптация корпоративных информационных систем (1С:Предприятие)
952 Тип литературы __
i Дисциплина Автоматизация решения оперативных задач в КИС
952 Тип литературы __
i Дисциплина Технологии информационных систем
952 Тип литературы __
i Дисциплина Управление качеством в корпоративных информационных системах
952 Тип литературы __
i Дисциплина Системная архитектура корпоративных информационных систем
952 Тип литературы __
i Дисциплина Проектирование бизнес-приложений в корпоративных информационных системах
952 Тип литературы __
i Дисциплина Анализ характеристик производительности КИС
952 Тип литературы __
i Дисциплина Внедрение корпоративных информационных систем
952 Тип литературы __
i Дисциплина Обслуживание корпоративных информационных систем
952 Тип литературы __
i Дисциплина Технологии корпоративных информационных систем
952 Тип литературы __
i Дисциплина Технологии программирования КИС
952 Тип литературы __
i Дисциплина Технологии программирования корпоративных информационных систем